[Event "VII OPEN AMATEUR CALVIA"]
[Site "Calvia - Mallorca (España)"]
[Date "2010.10.09"]
[Round "1"]
[Board "1"]
[White "Jaramillo, Eduardo Alonso"]
[Black "Chueca Forcen, Alberto"]
[Result "1/2-1/2"]
[WhiteElo "1996"]
[BlackElo "2280"]
[PlyCount "99"]
[EventDate "2010.10.09"]
[EventRounds "9"]
[EventCountry "ESP"]

1.e4 Nf6 2.Nc3 e5 3.Nf3 Nc6 4.Bc4 Bc5 5.O-O d6 6.h3 a6 7.d3 Na5 8.Bb3 Nxb3
9.axb3 Be6 10.Qe2 Nh5 11.Kh2 g6 12.Bh6 Qe7 13.Na4 f6 14.Nxc5 dxc5 15.Be3 Bf7
16.Nd2 g5 17.f3 Nf4 18.Qf2 Ne6 19.Nc4 b6 20.c3 a5 21.Qc2 Rd8 22.Rfd1 Qd7 23.Rd2
h5 24.Rad1 O-O 25.g3 Qc6 26.Rf1 Kh8 27.Qd1 Rg8 28.Bf2 Qd7 29.Ne3 Ng7 30.c4 Be6
31.Nd5 Rdf8 32.h4 Bxd5 33.cxd5 c6 34.dxc6 Qxc6 35.Be3 Ne6 36.f4 g4 37.Rdf2 Qd6
38.Qd2 Kh7 39.fxe5 fxe5 40.Bh6 Rxf2+ 41.Rxf2 Nd4 42.Rf7+ Kg6 43.Rg7+ Rxg7
44.Qg5+ Kf7 45.Qxg7+ Ke8 46.Bg5 Nf3+ 47.Kh1 Qf8 48.Qg6+ Qf7 49.Qc6+ Kf8 50.Bf6

[Event "VII OPEN AMATEUR CALVIA"]
[Site "Calvia - Mallorca (España)"]
[Date "2010.10.09"]
[Round "1"]
[Board "1"]
[White "Barcelo Pujadas, Pedro Jose"]
[Black "Knudsen, Jes West"]
[Result "1/2-1/2"]
[WhiteElo "2269"]
[BlackElo "1996"]
[PlyCount "127"]
[EventDate "2010.10.09"]
[EventRounds "9"]
[EventCountry "ESP"]

1.Nf3 f5 2.c4 Nf6 3.g3 g6 4.Bg2 Bg7 5.O-O O-O 6.Nc3 d6 7.d4 Nc6 8.d5 Ne5 9.Nxe5
dxe5 10.c5 h6 11.Qb3 Kh8 12.Rd1 g5 13.Bd2 Qe8 14.Nb5 Qh5 15.Nxc7 Rb8 16.Be1 Ne4
17.Qc2 b6 18.d6 exd6 19.cxd6 Nf6 20.Qb3 e4 21.f3 Qf7 22.Qxf7 Rxf7 23.Bc3 e3
24.f4 gxf4 25.gxf4 Ne4 26.Bxe4 Bxc3 27.Bd5 Rg7+ 28.Kh1 Bxb2 29.Rab1 Ba3 30.Bc6
Bxd6 31.Rxd6 Rxc7 32.Rd8+ Kh7 33.Bf3 b5 34.Rb3 Rb6 35.Rxe3 Rg6 36.h3 Be6 37.a3
Bg8 38.Kh2 Rc4 39.Re7+ Rg7 40.Rxg7+ Kxg7 41.Rd7+ Kf6 42.Rxa7 Rxf4 43.Kg3 Ra4
44.Rxa4 bxa4 45.Kf4 Be6 46.Bc6 Bb3 47.Bd7 Bc2 48.e3 Kg6 49.Be8+ Kf6 50.Bd7 Kg6
51.Be8+ Kf6 52.Bc6 Kg6 53.Bb5 Kf6 54.h4 Kg6 55.Bd7 Kf6 56.h5 Bd1 57.Bxf5 Bxh5
58.Bd7 Bd1 59.e4 Ke7 60.Bb5 Bb3 61.Kf5 h5 62.Kg5 Bc2 63.Kxh5 Bxe4 64.Bc6
{1/2-1/2  Barcelo Pujadas,P-Knudsen,J/Calvia 2010}

[Event "VII OPEN AMATEUR CALVIA"]
[Site "Calvia - Mallorca (España)"]
[Date "2010.10.09"]
[Round "1"]
[Board "1"]
[White "Pasanen, Tuomo"]
[Black "Renteria, Jorge"]
[Result "0-1"]
[WhiteElo "1992"]
[BlackElo "2266"]
[PlyCount "72"]
[EventDate "2010.10.09"]
[EventRounds "9"]
[EventCountry "ESP"]

1.d4 Nf6 2.c4 c5 3.Nf3 cxd4 4.Nxd4 e5 5.Nb3 d5 6.cxd5 Qxd5 7.Qxd5 Nxd5 8.e4 Nb4
9.Na3 Be6 10.Bb5+ Nd7 11.Be3 a6 12.Bxd7+ Bxd7 13.Ke2 Rc8 14.Rhc1 Rxc1 15.Rxc1
Bc6 16.Nc5 Nxa2 17.Rc4 a5 18.Nd3 f6 19.Bd2 a4 20.f3 Bd6 21.Kd1 Kd7 22.Kc2 b5
23.Rxc6 Kxc6 24.Kb1 b4 25.Nc4 b3 26.Ne3 Bc5 27.Nd5 Rd8 28.g4 Rxd5 29.exd5+ Kxd5
30.h4 Kc4 31.Ne1 Bb4 32.Bxb4 Nxb4 33.h5 h6 34.Ng2 Nc2 35.Nh4 a3 36.bxa3 Kc3

[Event "VII OPEN AMATEUR CALVIA"]
[Site "Calvia - Mallorca (España)"]
[Date "2010.10.09"]
[Round "1"]
[Board "1"]
[White "Massanet Massanet, Sebastian"]
[Black "Strand, Oyvin"]
[Result "1-0"]
[WhiteElo "2260"]
[BlackElo "1978"]
[PlyCount "111"]
[EventDate "2010.10.09"]
[EventRounds "9"]
[EventCountry "ESP"]

1.e4 e6 2.d4 d5 3.Nd2 dxe4 4.Nxe4 Bd7 5.Bd3 Bc6 6.Nf3 Nd7 7.Qe2 Ngf6 8.Ng3 Bxf3
9.Qxf3 c6 10.O-O Be7 11.Re1 O-O 12.c4 Qb6 13.Qf4 a5 14.Qh4 Rfe8 15.Be3 Qb4
16.Re2 a4 17.Rc1 Rac8 18.a3 Qa5 19.Bd2 Qc7 20.Bc3 Nf8 21.Nh5 Nxh5 22.Qxh5 Qf4
23.Rce1 g6 24.Qh3 Qh4 25.Qf3 Qf6 26.Qe3 Qg7 27.Bc2 b5 28.d5 Bf6 29.Bxf6 Qxf6
30.dxc6 bxc4 31.Bxa4 Ra8 32.Bb5 c3 33.a4 cxb2 34.Qb3 Reb8 35.Qxb2 Qe7 36.Qc3 Qc7
37.Rd2 Rd8 38.Red1 Rdc8 39.g3 e5 40.Re1 f6 41.Qc4+ Qf7 42.Qxf7+ Kxf7 43.f4 exf4
44.gxf4 Rc7 45.Rd6 Re7 46.Rc1 Rc7 47.Kf2 Ke7 48.Rcd1 Rcc8 49.R6d3 f5 50.Re3+ Kf7
51.Re5 Rc7 52.a5 Kf6 53.Rd6+ Kg7 54.a6 Kf7 55.Bc4+ Kg7 56.Ke3

[Event "VII OPEN AMATEUR CALVIA"]
[Site "Calvia - Mallorca (España)"]
[Date "2010.10.09"]
[Round "1"]
[Board "1"]
[White "Hjerten, Teo"]
[Black "Andersen, Lars Even"]
[Result "0-1"]
[WhiteElo "1977"]
[BlackElo "2237"]
[PlyCount "50"]
[EventDate "2010.10.09"]
[EventRounds "9"]
[EventCountry "ESP"]

1.d4 Nf6 2.Nf3 g6 3.c4 Bg7 4.g3 O-O 5.Bg2 d6 6.O-O c6 7.Nc3 Qa5 8.d5 Qa6 9.Qb3
Nbd7 10.dxc6 bxc6 11.Qa4 Ng4 12.c5 Nxc5 13.Qxa6 Bxa6 14.h3 Ne5 15.Nxe5 Bxe5
16.Bxc6 Rab8 17.Re1 e6 18.Bg2 d5 19.Nd1 Na4 20.e4 d4 21.b3 d3 22.Rb1 Rfc8 23.Bf4
Bxf4 24.gxf4 d2 25.Re3 Rc1

[Event "VII OPEN AMATEUR CALVIA"]
[Site "Calvia - Mallorca (España)"]
[Date "2010.10.09"]
[Round "1"]
[Board "1"]
[White "Voiteanu, Gabriel"]
[Black "Torner Planell, Jordi"]
[Result "1-0"]
[WhiteElo "2236"]
[BlackElo "1966"]
[PlyCount "62"]
[EventDate "2010.10.09"]
[EventRounds "9"]
[EventCountry "ESP"]

1.d4 d5 2.c4 c6 3.e3 Nf6 4.Nc3 e6 5.Nf3 Nbd7 6.Qc2 Bd6 7.Bd3 dxc4 8.Bxc4 b5
9.Bd3 Bb7 10.Ne4 Nxe4 11.Bxe4 f5 12.Bxc6 Rc8 13.Bxd7+ Qxd7 14.Qd1 O-O 15.O-O Qc6
16.Bd2 Qe4 17.Ne1 g5 18.Qh5 Rc7 19.f3 Qd5 20.Qxg5+ Rg7 21.Qh5 Rf6 22.Qe8+ Rf8
23.Qh5 Rf6 24.a4 Rfg6 25.h3 Bc6 26.axb5 Be8 27.Kh1 Qxb5 28.Rg1 Rg4 29.Ra5 Qb8
30.Qxe8+ Qxe8 31.fxg4 fxg4 {ilegible}

[Event "VII OPEN AMATEUR CALVIA"]
[Site "Calvia - Mallorca (España)"]
[Date "2010.10.09"]
[Round "1"]
[Board "1"]
[White "Mosquera Ulloa, Fernando"]
[Black "Fruebing, Thomas"]
[Result "1/2-1/2"]
[WhiteElo "1960"]
[BlackElo "2234"]
[PlyCount "54"]
[EventDate "2010.10.09"]
[EventRounds "9"]
[EventCountry "ESP"]

1.e4 e6 2.d3 d5 3.Nd2 Nf6 4.Ngf3 Nc6 5.c3 Be7 6.g3 O-O 7.Bg2 dxe4 8.Nxe4 Nxe4
9.dxe4 Qxd1+ 10.Kxd1 e5 11.Be3 Be6 12.Kc2 Rfd8 13.Rhd1 Rxd1 14.Rxd1 f6 15.Nd2
Rd8 16.b3 a5 17.a4 Kf7 18.Bf1 Nb8 19.Bc4 Nc6 20.Bxe6+ Kxe6 21.Nc4 Rxd1 22.Kxd1
f5 23.f3 g5 24.Ke2 f4 25.Bf2 b6 26.g4 Nb8 27.Nb2 Nd7

[Event "VII OPEN AMATEUR CALVIA"]
[Site "Calvia - Mallorca (España)"]
[Date "2010.10.09"]
[Round "1"]
[Board "1"]
[White "Sokalsky, Alexander"]
[Black "Selten, Jan"]
[Result "1/2-1/2"]
[WhiteElo "2226"]
[BlackElo "1949"]
[PlyCount "54"]
[EventDate "2010.10.09"]
[EventRounds "9"]
[EventCountry "ESP"]

1.b3 c5 2.Bb2 Nc6 3.Nf3 Nf6 4.e3 g6 5.Bb5 Bg7 6.O-O O-O 7.h3 a6 8.Be2 Qc7 9.d4
cxd4 10.exd4 d5 11.c3 Bf5 12.Nbd2 Rfd8 13.Re1 Rac8 14.Nf1 Ne4 15.Ne3 Bh6 16.Nxf5
gxf5 17.Bd3 e6 18.Re2 Ne7 19.Rc2 Ng6 20.c4 Qe7 21.c5 Kh8 22.Bc1 f4 23.b4 Rg8
24.Bf1 Nh4 25.a4 Rg6 26.Nxh4 Qxh4 27.Ra3 Rcg8

[Event "VII OPEN AMATEUR CALVIA"]
[Site "Calvia - Mallorca (España)"]
[Date "2010.10.09"]
[Round "1"]
[Board "1"]
[White "Tart, Peter K"]
[Black "Spence, David J"]
[Result "0-1"]
[WhiteElo "1948"]
[BlackElo "2225"]
[PlyCount "66"]
[EventDate "2010.10.09"]
[EventRounds "9"]
[EventCountry "ESP"]

1.e4 e6 2.d4 d5 3.exd5 exd5 4.Bd3 Nc6 5.c3 Bd6 6.Qf3 Be6 7.Ne2 Qd7 8.Bf4 O-O-O
9.Bxd6 Qxd6 10.Nd2 Nge7 11.O-O-O Ng6 12.Nb3 Kb8 13.Nc5 Nce5 14.dxe5 Qxc5 15.Bxg6
hxg6 16.Nd4 Rhf8 17.Qd3 Qa5 18.Kb1 Bc8 19.Rhe1 Qb6 20.Qg3 Ka8 21.Qe3 Rfe8 22.Qg5
c5 23.Nb3 Bf5+ 24.Ka1 Bc2 25.Rd2 Bxb3 26.axb3 Qxb3 27.e6 Rd6 28.e7 Ra6+ 29.Kb1
Qa2+ 30.Kc2 Qa4+ 31.Kb1 Qa1+ 32.Kc2 Qxe1 33.Rxd5 Qe2+

[Event "VII OPEN AMATEUR CALVIA"]
[Site "Calvia - Mallorca (España)"]
[Date "2010.10.09"]
[Round "1"]
[Board "1"]
[White "Adler, Bo"]
[Black "Andersen, Daniel"]
[Result "1-0"]
[WhiteElo "2220"]
[BlackElo "1940"]
[PlyCount "51"]
[EventDate "2010.10.09"]
[EventRounds "9"]
[EventCountry "ESP"]

1.d4 Nf6 2.c4 g6 3.Nc3 d5 4.Nf3 Bg7 5.Bg5 Ne4 6.cxd5 Nxg5 7.Nxg5 e6 8.Qd2 exd5
9.Qe3+ Kf8 10.Qf4 Qd7 11.e4 h6 12.Nf3 dxe4 13.Nxe4 Qf5 14.Qe3 Qa5+ 15.Nc3 Be6
16.Bd3 Nd7 17.O-O Re8 18.Rfe1 c6 19.Qf4 Kg8 20.Ne4 Bf5 21.Nd6 Rxe1+ 22.Rxe1 Bxd3
23.Qxf7+ Kh7 24.Re7 Rg8 25.Rxd7 Be2 26.Ne4

[Event "VII OPEN AMATEUR CALVIA"]
[Site "Calvia - Mallorca (España)"]
[Date "2010.10.09"]
[Round "1"]
[Board "1"]
[White "Rodriguez Garcia, Jesus"]
[Black "Gaya Llodra, Juan"]
[Result "0-1"]
[WhiteElo "1928"]
[BlackElo "2216"]
[PlyCount "86"]
[EventDate "2010.10.09"]
[EventRounds "9"]
[EventCountry "ESP"]

1.Nf3 Nf6 2.c4 g6 3.Nc3 Bg7 4.g3 O-O 5.Bg2 c6 6.O-O d5 7.cxd5 cxd5 8.d4 Ne4
9.Be3 Nxc3 10.bxc3 Nc6 11.Qd2 Bf5 12.Bh6 Rc8 13.Bxg7 Kxg7 14.Nh4 Be6 15.e4 dxe4
16.Bxe4 Qa5 17.f4 f5 18.Bg2 Rfd8 19.Qe3 Bd5 20.Nf3 Rd6 21.Rfc1 Re6 22.Qd2 h6
23.Re1 Rxe1+ 24.Nxe1 Bxg2 25.Nxg2 Nd8 26.Rc1 Nf7 27.Qe3 Rc7 28.Rc2 Nd6 29.Qe5+
Qxe5 30.fxe5 Nb5 31.d5 Rxc3 32.Rd2 Rc7 33.a4 Nc3 34.Nf4 Rd7 35.Ne6+ Kf7 36.Nf4
Rd8 37.Rb2 b6 38.a5 Nxd5 39.axb6 axb6 40.Rd2 e6 41.Kf2 Rb8 42.Nxd5 Rd8 43.Ke3
Rxd5

[Event "VII OPEN AMATEUR CALVIA"]
[Site "Calvia - Mallorca (España)"]
[Date "2010.10.09"]
[Round "1"]
[Board "1"]
[White "Suuronen, Petri"]
[Black "Galiana Salom, Juan Ramon"]
[Result "0-1"]
[WhiteElo "1916"]
[BlackElo "2204"]
[PlyCount "77"]
[EventDate "2010.10.09"]
[EventRounds "9"]
[EventCountry "ESP"]

1.Nf3 f5 2.c4 c6 3.g3 g6 4.Bg2 Bg7 5.O-O Nh6 6.Nc3 Nf7 7.d4 d6 8.d5 e5 9.dxe6
Bxe6 10.Nd4 Bxc4 11.b3 Qf6 12.Be3 Ba6 13.b4 Bc4 14.Ncb5 Bxb5 15.Nxb5 Qe7 16.Bd4
Bxd4 17.Nxd4 O-O 18.Qb3 a6 19.Rfe1 d5 20.Rac1 Nd7 21.Kh1 Qf6 22.Rcd1 Nde5 23.f3
Rae8 24.e4 fxe4 25.fxe4 Nc4 26.Rf1 Qd6 27.exd5 Ne3 28.dxc6 Nxf1 29.Bxf1 Re4
30.Nf5 Qxc6 31.Nh6+ Kg7 32.Nxf7 Re1+ 33.Kg1 Qb6+ 34.Kg2 Rxd1 35.Qxd1 Rxf7
36.Qa1+ Qf6 37.Qe1 Qb2+ 38.Be2 Qe5 39.Bf3

[Event "VII OPEN AMATEUR CALVIA"]
[Site "Calvia - Mallorca (España)"]
[Date "2010.10.09"]
[Round "1"]
[Board "1"]
[White "Lacrosse, Marc"]
[Black "Cerdo Fernandez, Miguel"]
[Result "1-0"]
[WhiteElo "2198"]
[BlackElo "1909"]
[PlyCount "49"]
[EventDate "2010.10.09"]
[EventRounds "9"]
[EventCountry "ESP"]

1.d4 Nf6 2.c4 c5 3.d5 e6 4.Nc3 exd5 5.cxd5 d6 6.e4 g6 7.Bd3 Bg7 8.h3 O-O 9.Nf3
a6 10.a4 Qc7 11.O-O Nbd7 12.Re1 Re8 13.Bf4 Rb8 14.Qd2 c4 15.Bc2 b5 16.axb5 axb5
17.Nd4 Qc5 18.Nc6 b4 19.Na4 c3 20.bxc3 bxc3 21.Qd3 Qb5 22.Nxb8 Qxd3 23.Bxd3 Nxb8
24.Bxd6 Nfd7 25.Rac1

[Event "VII OPEN AMATEUR CALVIA"]
[Site "Calvia - Mallorca (España)"]
[Date "2010.10.09"]
[Round "1"]
[Board "1"]
[White "Mozelius, Peter"]
[Black "Lommers, Frank"]
[Result "0-1"]
[WhiteElo "1905"]
[BlackElo "2191"]
[PlyCount "76"]
[EventDate "2010.10.09"]
[EventRounds "9"]
[EventCountry "ESP"]

1.d4 Nf6 2.Nc3 d5 3.Bg5 Nbd7 4.Nf3 e6 5.e3 Be7 6.Bd3 O-O 7.a4 c5 8.O-O b6 9.Re1
Bb7 10.h3 Ne4 11.Bf4 a6 12.Ne5 Nxe5 13.Bxe5 Nf6 14.Qf3 Bd6 15.Qg3 Ne8 16.h4 Bxe5
17.dxe5 f6 18.h5 Qc7 19.f4 c4 20.Be2 fxe5 21.fxe5 Rf5 22.Bg4 Qxe5 23.Qh3 Rf6
24.Rf1 Nc7 25.Rxf6 gxf6 26.h6 Kh8 27.Rf1 Rg8 28.Ne2 Qg5 29.Bh5 d4 30.Nf4 e5
31.Bf7 Rd8 32.Ne6 Nxe6 33.Bxe6 dxe3 34.Bxc4 Rd2 35.Bd5 Bxd5 36.Qc8+ Qg8 37.Qxg8+
Kxg8 38.Rxf6 Rd1+

[Event "VII OPEN AMATEUR CALVIA"]
[Site "Calvia - Mallorca (España)"]
[Date "2010.10.09"]
[Round "1"]
[Board "1"]
[White "Tscharotschkin, Michael"]
[Black "Oliver Font, Jose Luis"]
[Result "1-0"]
[WhiteElo "2179"]
[BlackElo "1902"]
[PlyCount "107"]
[EventDate "2010.10.09"]
[EventRounds "9"]
[EventCountry "ESP"]

1.e4 e6 2.d4 d5 3.Nc3 Nf6 4.Bg5 Bb4 5.e5 h6 6.Bd2 Bxc3 7.bxc3 Ne4 8.Bd3 Nxd2
9.Qxd2 c5 10.f4 c4 11.Be2 Bd7 12.Nf3 Nc6 13.O-O Ne7 14.Kh1 Nf5 15.g4 Nh4 16.Qe1
Nxf3 17.Bxf3 Qe7 18.a4 g6 19.Qg3 O-O-O 20.a5 a6 21.Rfb1 Bb5 22.Rb4 Qc7 23.Qh4 f5
24.Qf6 Qd7 25.Qxg6 Rdg8 26.Qh5 Rf8 27.Rf1 Qe7 28.Qh3 Kd7 29.gxf5 Rxf5 30.Bg4
Rff8 31.f5 exf5 32.Bxf5+ Kc7 33.Rbb1 Qg5 34.Rf2 Rhg8 35.e6 Kd6 36.Re1 Ke7
37.Ref1 Be8 38.Rg2 Qxg2+ 39.Qxg2 Rxg2 40.Kxg2 Rg8+ 41.Kf2 Rg5 42.Bh3 Rg6 43.Re1
Rf6+ 44.Kg3 Rg6+ 45.Kf4 Bc6 46.Bg4 Rf6+ 47.Bf5 Rf8 48.Rg1 Rh8 49.Ke5 h5 50.h4
Kf8 51.Kf6 Rh6+ 52.Rg6 Rh8 53.e7+ Ke8 54.Be6

[Event "VII OPEN AMATEUR CALVIA"]
[Site "Calvia - Mallorca (España)"]
[Date "2010.10.09"]
[Round "1"]
[Board "1"]
[White "Christiansen, Johan-Sebastian"]
[Black "Planas Gene, Juan"]
[Result "1/2-1/2"]
[WhiteElo "1899"]
[BlackElo "2163"]
[PlyCount "93"]
[EventDate "2010.10.09"]
[EventRounds "9"]
[EventCountry "ESP"]

1.c4 Nf6 2.Nc3 g6 3.g3 Bg7 4.Bg2 O-O 5.Nf3 d6 6.O-O e5 7.d4 Nbd7 8.Re1 c6 9.e4
Re8 10.Rb1 a5 11.a3 Qc7 12.b4 axb4 13.axb4 Nb6 14.c5 dxc5 15.dxe5 Ng4 16.Bf4
Nxe5 17.bxc5 Nbd7 18.Na4 Qa5 19.Nb6 Nxb6 20.Nxe5 Qxc5 21.Nxf7 Kxf7 22.Be3 Qe7
23.Bxb6 Kg8 24.Bd4 Rd8 25.Qb3+ Qf7 26.Bxg7 Qxb3 27.Rxb3 Kxg7 28.f4 Ra2 29.Bf3
Rdd2 30.h4 c5 31.e5 c4 32.Rc3 b5 33.g4 Bxg4 34.Bxg4 Rg2+ 35.Kh1 Rxg4 36.e6 Rxh4+
37.Kg1 Rg4+ 38.Kh1 Kf8 39.e7+ Ke8 40.Rh3 h5 41.f5 g5 42.f6 Ra8 43.Ra3 Rb8
44.Rea1 Rh4+ 45.Kg2 Rg4+ 46.Kh2 Rh4+ 47.Kg2

[Event "VII OPEN AMATEUR CALVIA"]
[Site "Calvia - Mallorca (España)"]
[Date "2010.10.09"]
[Round "1"]
[Board "1"]
[White "Carrasco Sagredo, Manuel"]
[Black "Jernselius, Kjell"]
[Result "1-0"]
[WhiteElo "2157"]
[BlackElo "1897"]
[PlyCount "61"]
[EventDate "2010.10.09"]
[EventRounds "9"]
[EventCountry "ESP"]

1.d4 g6 2.c4 Bg7 3.Nc3 d6 4.e4 Nc6 5.Be3 e5 6.Nge2 a6 7.d5 Nce7 8.Ng3 f5 9.exf5
Nxf5 10.Nxf5 Bxf5 11.g4 Bd7 12.Bg2 Qh4 13.Ne4 Bxg4 14.Qb3 Bc8 15.c5 Qd8 16.cxd6
cxd6 17.Bb6 Qd7 18.Rc1 Bf8 19.Rc7 Qf5 20.O-O Be7 21.Ng3 Qg4 22.Rfc1 Bd7 23.R1c4
e4 24.h3 Qg5 25.Rxd7 Nf6 26.Rxb7 Qxd5 27.Bd4 Qe6 28.Rcc7 d5 29.Rxe7+ Qxe7
30.Rxe7+ Kxe7 31.Qb7+

[Event "VII OPEN AMATEUR CALVIA"]
[Site "Calvia - Mallorca (España)"]
[Date "2010.10.09"]
[Round "1"]
[Board "1"]
[White "Marret, Benjamin"]
[Black "Karlsson, Jorgen"]
[Result "0-1"]
[WhiteElo "1895"]
[BlackElo "2153"]
[PlyCount "38"]
[EventDate "2010.10.09"]
[EventRounds "9"]
[EventCountry "ESP"]

1.d4 g6 2.g3 Bg7 3.Bg2 c5 4.Nf3 cxd4 5.Nxd4 Nc6 6.Nxc6 bxc6 7.O-O Nf6 8.c4 O-O
9.Nc3 Qa5 10.Qa4 Qxa4 11.Nxa4 d5 12.Nc5 Rb8 13.Rd1 dxc4 14.Bxc6 Bg4 15.Bf3 Bxf3
16.exf3 Rb5 17.Nd7 Rc8 18.Nxf6+ Bxf6 19.Rd7 c3

[Event "VII OPEN AMATEUR CALVIA"]
[Site "Calvia - Mallorca (España)"]
[Date "2010.10.09"]
[Round "1"]
[Board "1"]
[White "Draghici Flutur, Gavril"]
[Black "Shen, Yue"]
[Result "1-0"]
[WhiteElo "2152"]
[BlackElo "1885"]
[PlyCount "63"]
[EventDate "2010.10.09"]
[EventRounds "9"]
[EventCountry "ESP"]

1.e4 c5 2.Nf3 d6 3.d4 cxd4 4.Nxd4 Nf6 5.Nc3 Nc6 6.Bc4 a6 7.Nxc6 bxc6 8.e5 Ng8
9.Qf3 e6 10.exd6 Bb7 11.Bf4 Nf6 12.O-O Nd5 13.Ne4 f6 14.Nc5 Bc8 15.Rfe1 Kf7
16.Rad1 Bxd6 17.Bxd5 cxd5 18.Rxd5 Qa5 19.b4 Qxb4 20.Nd3 Qxe1+ 21.Nxe1 Bb7
22.Bxd6 Bxd5 23.Qa3 Rhd8 24.Nd3 Rac8 25.Bc5 Bc4 26.f3 e5 27.Kf2 Kg6 28.g4 Rd5
29.Be3 Rcd8 30.Nb2 Rc8 31.Nxc4 Rxc4 32.Qb3

[Event "VII OPEN AMATEUR CALVIA"]
[Site "Calvia - Mallorca (España)"]
[Date "2010.10.09"]
[Round "1"]
[Board "1"]
[White "Moreno Mateos, Jose Luis"]
[Black "Walton, Alan J"]
[Result "0-1"]
[WhiteElo "1882"]
[BlackElo "2152"]
[PlyCount "50"]
[EventDate "2010.10.09"]
[EventRounds "9"]
[EventCountry "ESP"]

1.d4 d5 2.c4 c6 3.Nc3 Nf6 4.Bg5 dxc4 5.a4 Nd5 6.e4 Nxc3 7.bxc3 b5 8.Be2 Bb7
9.Bf3 Nd7 10.Ne2 f6 11.Be3 a6 12.Nf4 e5 13.Ne6 Qb8 14.O-O Kf7 15.Bg4 h5 16.Nxf8
Nxf8 17.Be2 Ne6 18.dxe5 Qxe5 19.Qd7+ Kg6 20.Qxb7 Rhc8 21.Rfd1 Qxc3 22.Bxh5+ Kh7
23.Qe7 Qe5 24.Bd2 Nd8 25.Qxe5 fxe5 {Ilegible. El negro  se impuso en la jugada
38}

[Event "VII OPEN AMATEUR CALVIA"]
[Site "Calvia - Mallorca (España)"]
[Date "2010.10.09"]
[Round "1"]
[Board "1"]
[White "Holm, Kristian Stuvik"]
[Black "Carrasco Fernandez, Manuel"]
[Result "1-0"]
[WhiteElo "2151"]
[BlackElo "1869"]
[PlyCount "89"]
[EventDate "2010.10.09"]
[EventRounds "9"]
[EventCountry "ESP"]

1.d4 Nf6 2.c4 e6 3.Nc3 Bb4 4.Qc2 d5 5.a3 Bxc3+ 6.Qxc3 Ne4 7.Qc2 Nc6 8.Nf3 O-O
9.e3 Qd6 10.b4 a6 11.Bd3 f5 12.O-O Ne7 13.Ne5 Ng6 14.f3 Nf6 15.Bb2 Nd7 16.Nxg6
hxg6 17.cxd5 exd5 18.e4 Nb6 19.e5 Qd8 20.Rac1 c6 21.a4 Be6 22.b5 axb5 23.axb5
Rc8 24.Ba3 cxb5 25.Qb2 Rf7 26.Rxc8 Qxc8 27.Qxb5 Na8 28.Ra1 Nc7 29.Qb6 Ne8 30.Bc5
Nc7 31.Ra7 Na8 32.Rxa8 Qxa8 33.Qxe6 b5 34.Bxb5 Qa5 35.Qe8+ Kh7 36.Qxf7 Qe1+
37.Bf1 Qe3+ 38.Kh1 Qf2 39.h4 Qxf1+ 40.Kh2 Qc1 41.Bf8 Qh6 42.Kh3 g5 43.Qxg7+ Qxg7
44.Bxg7 Kxg7 45.hxg5

[Event "VII OPEN AMATEUR CALVIA"]
[Site "Calvia - Mallorca (España)"]
[Date "2010.10.09"]
[Round "1"]
[Board "1"]
[White "Oliver Amengual, Adria"]
[Black "Nilsson, Viktor"]
[Result "1/2-1/2"]
[WhiteElo "1866"]
[BlackElo "2151"]
[PlyCount "72"]
[EventDate "2010.10.09"]
[EventRounds "9"]
[EventCountry "ESP"]

1.e4 c5 2.Nf3 e6 3.d4 cxd4 4.c3 d3 5.Bxd3 d5 6.exd5 exd5 7.O-O Be7 8.Re1 Nf6
9.Qe2 Bg4 10.b3 Bxf3 11.gxf3 Kf8 12.Nd2 Bd6 13.Nf1 Nh5 14.Ng3 Nf4 15.Bxf4 Bxf4
16.Rad1 Nd7 17.Bb5 Nf6 18.Nh5 Bc7 19.Nxf6 gxf6 20.Qd2 Rg8+ 21.Kh1 Kg7 22.Rg1+
Kh8 23.Qh6 Rg6 24.Rxg6 fxg6 25.c4 d4 26.Qh4 d3 27.c5 Qf8 28.Rxd3 Rd8 29.b4 a6
30.Bc4 a5 31.a3 Kg7 32.Qe4 Rxd3 33.Bxd3 axb4 34.axb4 b6 35.Qb7 Qb8 36.Qxb8 Bxb8

[Event "VII OPEN AMATEUR CALVIA"]
[Site "Calvia - Mallorca (España)"]
[Date "2010.10.09"]
[Round "1"]
[Board "1"]
[White "Rhein, Klaus"]
[Black "Carranza Pons, Ricardo Nelson"]
[Result "1-0"]
[WhiteElo "2146"]
[BlackElo "1853"]
[PlyCount "47"]
[EventDate "2010.10.09"]
[EventRounds "9"]
[EventCountry "ESP"]

1.e4 c5 2.Nc3 Nc6 3.Bb5 a6 4.Bxc6 bxc6 5.d3 e5 6.f4 Qh4+ 7.g3 Qe7 8.fxe5 Qxe5
9.Bf4 Qd4 10.Nge2 Qb4 11.O-O Ne7 12.Bd2 Qb8 13.Nf4 Ng6 14.Nxg6 hxg6 15.Qf3 f6
16.e5 f5 17.Rae1 Qc7 18.Ne4 Be7 19.Nd6+ Kf8 20.Nxf5 gxf5 21.Qxf5+ Ke8 22.Qf7+
Kd8 23.Qxg7 Re8 24.Rf7

[Event "VII OPEN AMATEUR CALVIA"]
[Site "Calvia - Mallorca (España)"]
[Date "2010.10.09"]
[Round "1"]
[Board "1"]
[White "Sjogren, Stig"]
[Black "Lopez Colon, Francisco"]
[Result "0-1"]
[WhiteElo "1842"]
[BlackElo "2145"]
[PlyCount "76"]
[EventDate "2010.10.09"]
[EventRounds "9"]
[EventCountry "ESP"]

1.d4 c5 2.e3 d5 3.Nf3 Nc6 4.g3 Bg4 5.Bg2 e5 6.h3 Bxf3 7.Bxf3 cxd4 8.exd4 Nxd4
9.Bg2 Nf6 10.c3 Nc6 11.Bg5 e4 12.Qb3 Qd7 13.O-O Na5 14.Qc2 Be7 15.Rd1 Qc6 16.Nd2
O-O 17.Rac1 Rac8 18.Nb3 Nxb3 19.Qxb3 Rfd8 20.Be3 a6 21.a4 Rd7 22.g4 h6 23.Qa2
Bc5 24.Bf4 Bd6 25.Be3 Qc7 26.a5 Bh2+ 27.Kh1 Bf4 28.Bb6 Qe5 29.Rc2 Qg5 30.Re2 h5
31.gxh5 Qxh5 32.Rde1 Bb8 33.Kg1 Qe5 34.Qa4 Rc6 35.Qd1 Re7 36.Re3 Qh2+ 37.Kf1
Rce6 38.Rg3 Bxg3

[Event "VII OPEN AMATEUR CALVIA"]
[Site "Calvia - Mallorca (España)"]
[Date "2010.10.09"]
[Round "1"]
[Board "1"]
[White "Alemany Jara, Alejandro"]
[Black "Adams, Philip"]
[Result "0-1"]
[WhiteElo "1835"]
[BlackElo "2133"]
[PlyCount "48"]
[EventDate "2010.10.09"]
[EventRounds "9"]
[EventCountry "ESP"]

1.e4 c5 2.Nf3 g6 3.d4 cxd4 4.Nxd4 Bg7 5.Nc3 Nc6 6.Nb3 Nf6 7.Bd3 O-O 8.O-O d5
9.f4 dxe4 10.Nxe4 a5 11.Qe1 Nb4 12.Nxf6+ exf6 13.Qg3 Nxd3 14.cxd3 f5 15.Rd1 Re8
16.Nd2 a4 17.a3 Be6 18.Kh1 Bd5 19.Nf3 Re2 20.d4 Rc8 21.Bd2 Rc2 22.Bc3 Rxg2
23.Qxg2 Rxg2 24.Kxg2 Qh4

[Event "VII OPEN AMATEUR CALVIA"]
[Site "Calvia - Mallorca (España)"]
[Date "2010.10.09"]
[Round "1"]
[Board "1"]
[White "Mercant Simo, Jaime"]
[Black "Serarols Mabras, Bernat"]
[Result "1/2-1/2"]
[WhiteElo "2123"]
[BlackElo "1817"]
[PlyCount "88"]
[EventDate "2010.10.09"]
[EventRounds "9"]
[EventCountry "ESP"]

1.e4 Nf6 2.e5 Nd5 3.Nc3 Nxc3 4.dxc3 d6 5.Bc4 Nc6 6.Nf3 e6 7.Bf4 a6 8.Qd2 d5
9.Bd3 Ne7 10.O-O-O b5 11.Be3 Bb7 12.Bc5 Nc8 13.Bxf8 Rxf8 14.Bxh7 c5 15.Bd3 Qa5
16.Kb1 Nb6 17.h4 Nc4 18.Bxc4 bxc4 19.Qg5 Rb8 20.Ka1 Qb6 21.Rb1 d4 22.cxd4 cxd4
23.Qf4 Rd8 24.Rhd1 Bxf3 25.Qxf3 f6 26.Qh5+ Ke7 27.Qg4 Rf7 28.Re1 f5 29.Qf4 Rd5
30.Rbd1 Kf8 31.h5 Rb7 32.b3 Qb4 33.Qd2 c3 34.Qc1 Ra5 35.h6 g6 36.Qg5 Qa3 37.Qf6+
Kg8 38.h7+ Rxh7 39.Qd8+ Kg7 40.Qf6+ Kg8 41.Qd8+ Kg7 42.Qd7+ Kh8 43.Qe8+ Kg7
44.Qd7+ Kh8

[Event "VII OPEN AMATEUR CALVIA"]
[Site "Calvia - Mallorca (España)"]
[Date "2010.10.09"]
[Round "1"]
[Board "1"]
[White "Solsona Manonelles, Josep"]
[Black "Porte, Henrik"]
[Result "0-1"]
[WhiteElo "1778"]
[BlackElo "2113"]
[PlyCount "66"]
[EventDate "2010.10.09"]
[EventRounds "9"]
[EventCountry "ESP"]

1.d4 d5 2.c4 c6 3.Nc3 Nf6 4.e3 a6 5.a4 e6 6.Bd3 Nbd7 7.Nf3 Be7 8.O-O O-O 9.Qc2
dxc4 10.Bxc4 c5 11.Rd1 cxd4 12.exd4 Nb6 13.Bd3 h6 14.b3 Nbd5 15.Nxd5 Nxd5 16.Bd2
b6 17.Ne5 Bf6 18.Rac1 Bb7 19.Qb1 Bg5 20.Be4 Bxd2 21.Rxd2 Qg5 22.Nf3 Qg4 23.h3
Qf4 24.g3 Qd6 25.Rc4 b5 26.Rc5 b4 27.Ne5 Nc3 28.Bh7+ Kh8 29.Qd3 Rad8 30.Nc4 Qe7
31.Re5 Qf6 32.f4 g6 33.Ne3 Kxh7

[Event "VII OPEN AMATEUR CALVIA"]
[Site "Calvia - Mallorca (España)"]
[Date "2010.10.09"]
[Round "1"]
[Board "1"]
[White "Razola, Garcia Joaquin"]
[Black "Torres Mari, Juan"]
[Result "1-0"]
[WhiteElo "2112"]
[BlackElo "1775"]
[PlyCount "53"]
[EventDate "2010.10.09"]
[EventRounds "9"]
[EventCountry "ESP"]

1.e4 c5 2.d4 cxd4 3.c3 dxc3 4.Nxc3 d6 5.Bc4 e6 6.Nf3 Nc6 7.O-O Nf6 8.Qe2 a6
9.Rd1 Qc7 10.Bf4 b5 11.Bb3 e5 12.Bg5 Be6 13.Bxf6 gxf6 14.Rac1 Qb6 15.Nd5 Bxd5
16.Bxd5 Rc8 17.Nh4 Ne7 18.Qh5 Rxc1 19.Qxf7+ Kd8 20.Rxc1 Bh6 21.Rd1 Bg5 22.Nf3 h5
23.Qg7 Re8 24.Bf7 Qc5 25.Nxg5 fxg5 26.Bxe8 Kxe8 27.Qxg5